1 Country From Each Letter in 60 seconds - Statistics

General Stats
  • This quiz has been taken 24 times
  • The average score is 21 of 24
Answer Stats
Letter Country % Correct
A Afghanistan | Albania | Algeria | Andorra | Angola | Antigua and Barbuda | Argentina | Armenia | Australia | Austria | Azerbaijan
100%
B Bahamas | Bahrain | Bangladesh | Barbados | Belarus | Belgium | Belize | Benin | Bhutan | Bolivia | Bosnia and Herzegovina | Botswana | Brazil | Brunei | Bulgaria | Burkina Faso | Burundi
100%
C Cambodia | Cameroon | Canada | Cape Verde | Central African Republic | Chad | Chile | China | Colombia | Comoros | Costa Rica | Côte d'Ivoire | Croatia | Cuba | Cyprus | Czech Republic
100%
D Denmark | Djibouti | Dominica | Dominican Republic | Democratic Republic of the Congo
100%
E Ecuador | Egypt | El Salvador | Equatorial Guinea | Eritrea | Estonia | Eswatini | Ethiopia
100%
F Fiji | Finland | France
100%
G Gabon | Gambia | Georgia | Germany | Ghana | Greece | Grenada | Guatemala | Guinea | Guinea-Bissau | Guyana
100%
H Haiti | Honduras | Hungary
95%
I Iceland | India | Indonesia | Iran | Iraq | Ireland | Israel | Italy
95%
J Japan | Jamaica | Jordan
95%
K Kazakhstan | Kenya | Kiribati | Kosovo | Kuwait | Kyrgyzstan
95%
L Laos | Latvia | Lebanon | Lesotho | Liberia | Libya | Liechtenstein | Lithuania | Luxembourg
95%
M Madagascar | Malawi | Malaysia | Maldives | Mali | Marshall | Mauritania | Mauritius | Mexico | Micronesia | Moldova | Monaco | Mongolia | Montenegro | Morocco | Mozambique | Myanmar
95%
N Namibia | Nauru | Nepal | Netherlands | New Zealand | Nicaragua | Niger | Nigeria | North Korea | North Macedonia | Norway
95%
O Oman
95%
P Pakistan | Palau | Panama | Papua New Guinea | Paraguay | Peru | Philippines | Poland | Portugal
90%
Q Qatar
86%
R Republic of the Congo | Romania | Russia | Rwanda
81%
S Saint Kits and Nevis | Saint Lucia | Saint Vincent | Samoa | San Marino | Sao Tome and Principe | Saudi Arabia | Senegal | Serbia | Seychelles | Sierra Leone | Singapore | Slovakia | Slovenia | Solomon Islands | Somalia | South Africa | South Korea | South Sudan | Spain | Sri Lanka | Sudan | Suriname | Sweden | Switzerland | Syria
76%
T Tajikistan | Tanzania | Taiwan | Thailand | Timor-Leste | Togo | Tonga | Trinidad and Tobago | Tunisia| Türkiye | Turkey | Turkmenistan | Tuvalu
76%
U Uganda | Ukraine | United Arab Emirates | United Kingdom | United States of America | Uruguay | Uzbekistan
76%
V Vanuatu | Vatican | Venezuela | Vietnam
67%
Y Yemen
62%
Z Zambia | Zimbabwe
52%
No matching quizzes found
Score Distribution
Percent of People with Each Score
Percentile by Number Answered
Your Score History
You have not taken this quiz